OrCAD - SDI III A Redboard /

Salvato in:
Dettagli Bibliografici
Autori principali: Lévy, Gabriel (Autore), Gašparík, Peter (Autore)
Natura: Libro
Lingua:slovacco
Pubblicazione: Bratislava : Corinex, 1990
Tags: Aggiungi Tag
Nessun Tag, puoi essere il primo ad aggiungerne!!

MARC

LEADER 00000nam a22000003a 4500
001 stu32797
005 20150617225736.6
008 960515s1990----xo------------------slo-d
040 |a STU  |b slo 
041 0 |a slo 
044 |a xo 
080 |a 681.3.066 
100 1 |a Lévy, Gabriel  |4 aut 
245 1 |a OrCAD - SDI III A Redboard /  |c [aut.] Lévy,G.; Gašparík,P 
260 |a Bratislava :  |b Corinex,  |c 1990 
300 |a 194 s 
700 1 |a Gašparík, Peter  |4 aut 
996 |b J86672  |c J*86672  |l JJST  |s P  |a 0  |w stu32797_0001 
996 |b J86673  |c J*86673  |l JJST  |s P  |a 0  |w stu32797_0002